000 00350 a2200157 4500
001 193154
020 _a978-85-7160-600-5
040 _cMagnum
100 _aCoelho, Ronaldo Simões
240 1 0 _aJoãozinho e maria
_lpor
245 1 0 _aJoãozinho e maria
300 _a16
362 0 _a2013
697 _aLITERATURA INFANTO-JUVENIL
942 _cBK
999 _c193154
_d193154